000 00332nam a2200121Ia 4500
008 220901s9999||||xx |||||||||||||| ||und||
082 _a624.1834 KAN
100 _aKandasami, Sivakumar
245 4 _aThe indian concrete journal
250 _aVol. 94 Issue 10,11 & 12
260 _bACC Limited
_c2020
650 _aConcrete engineering
999 _c194117
_d194117